000 01092nab a2200277u 4500
001 11729
003 HDC
007 c| |||a|c|aaaa
008 210202b20121012my ||||| |||| 00| 0 may d
040 _aHDC
100 _aKhairul Abidin Nuar,
_eauthor
_99771
245 0 _a80 peratus premis makanan di P. Pinang tiada sijil halal /
_cKhairul Abidin Nuar
260 _aKuala Lumpur :
_bUtusan Melayu (M) Bhd.,
_c2012
336 _atext
_2rdacontent
337 _acomputer
_2rdamedia
338 _aonline resource
_2rdacarrier
650 _aFood
_xReligious aspect
_xIslam
_97432
650 _aHalal certificate
_9482
650 _aHalal food
_950
710 _aKosmo
_eissuing body
856 _zRequest full-text at [email protected]
856 _zRequest full-text at [email protected]
942 _2lcc
942 _cNEWS
942 _kNWSC 000059
999 _c9052
_d9052